000
00264 a2200109 4500
003
Nust
005
20170207154225.0
040
_c
Nust
082
_a
371.33
245
_a
Future Integrated Soldier Tech (VHS-521)
440
_a
Future Integrated Soldier Tech (VHS-521)
538
_a
Duration 82-Mins
999
_c
195533
_d
195533